000 00985nam a2200193 a 4500
008 190121s2015 ||||||||||||||||| || u
020 _a9780323389136
050 _aT 174.7 Pun
100 _aPundir S. Chandra
245 1 0 _aEnzyme nanoparticles: preparation, characterisation, properties and applications
_cby Chandra S. Pundir
260 _aOxford
_bElsevier
_c2015
300 _aviii, 69 p.: ill.
350 _a34.64
650 _aBIOMEDICAL ENGINEERING
650 _aNANOTECHNOLOGY
995 _aMAIN LIBRARY OPEN ACCESS
_e748796
_FCBU-MAIN LIBRARY (Kitwe)
_I34.64
_jT 174.7 Pun
_M2
_UAVAILABLE
_WFeb 1, 2019
_y748796
_ZMain Library Open Access Collection
995 _aANNEX COLLECTION (Main Library)
_e748797
_FCBU-MAIN LIBRARY (Kitwe)
_I34.64
_jT 174.7 Pun
_M3
_UAVAILABLE
_WFeb 1, 2019
_y748797
_ZAnnex Low-Usage Collection
995 _aMAIN LIBRARY OPEN ACCESS
_e748795
_FCBU-MAIN LIBRARY (Kitwe)
_I34.64
_jT 174.7 Pun
_M1
_UAVAILABLE
_WFeb 1, 2019
_y748795
_ZMain Library Open Access Collection
999 _c62770
_d62770